Maquibu pijume dihuesi = el Caimán y otros cuentos en cuiba / Huéinacu Bótara (Registro nro. 44383)
[ vista simple ]
| 000 -LÍDER | |
|---|---|
| Campo fijo de descripción fija | 005430000a22001570004500 |
| 001 - NÚMERO DE CONTROL | |
| Campo de control | 17888 |
| 100 1# - ASIENTO PRINCIPAL--NOMBRE PERSONAL | |
| Nombre personal | Bótara, Huéinacu |
| 245 10 - TÍTULO | |
| Título del Material | Maquibu pijume dihuesi = el Caimán y otros cuentos en cuiba / Huéinacu Bótara |
| 260 ## - PUBLICACIÓN, DISTRIBUCIÓN, ETC. (PIE DE IMPRENTA) | |
| Lugar de publicación, distribución, etc. | Meta : Townsend |
| 300 ## - DESCRIPCIÓN FÍSICA | |
| Extensión | 24 p. |
| 500 ## - NOTA GENERAL | |
| Nota General | Texto en español y en Cuiba |
| 505 00 - NOTA DE CONTENIDO | |
| Nota de contenido con formato preestablecido | Los animales: el caimán -- El perro de agua -- El saíno -- La lapa |
| 650 14 - ASIENTO SECUNDARIO DE MATERIA - TERMINO TEMÁTICO | |
| Término temático o nombre geográfico como elemento de entrada | CUENTOS - INDIGENAS \ CUENTOS - INDIGENAS - CUIBA \ LENGUAJE Y LENGUAS - INDIGENAS DE COLOMBIA |
| 942 ## - TIPO DE MATERIAL (KOHA) | |
| Tipo de Item KOHA | Libros General |
| Estado de Material | Estado de Perdido | Estado de Dañado | No para Préstamo | Colección | Tomo | Biblioteca de Origen | Biblioteca Permanente | Fecha de Adquisición | Total de Préstamos | Signatura Topográfica | Código de Barras | Última vez visto | Ejemplar/Existencia | Fecha de Remplazo | Tipo de Material |
|---|---|---|---|---|---|---|---|---|---|---|---|---|---|---|---|
| Colección Folletos | Biblioteca FUSBC | Biblioteca FUSBC | 20/02/2013 | AV 0441 | 17879 | 12/12/2019 | 1 | 26/01/2016 | Documentos Archivo Vertical |
